| 000 | 00354nam a2200145Ia 4500 | ||
|---|---|---|---|
| 005 | 20251222153600.0 | ||
| 008 | 251222s9999||||xx |||||||||||||| ||spa|| | ||
| 020 | _a8479037989 | ||
| 082 | _a610/R75 | ||
| 100 | _aRodríguez Merchán, E. C | ||
| 245 | 0 | _aFracturas Osteoporóticas: | |
| 250 | _a1ra.ed. | ||
| 264 | _bMédica Panamericana | ||
| 942 | _cLIB | ||
| 999 |
_c31189 _d31189 |
||